000 00289nam a22001337a 4500
008 181029b xxu||||| |||| 00| 0 eng d
020 _a0893034282
041 _aeng
080 _a610.73
100 _a2
101 _aINF
245 _aEmergency Nursing
_cPatrizzi, J.O
942 _2udc
_cBK
999 _c51063
_d51063